00608 2200229 4500001002100000005001700021008004100038020001800079035002400097082001200121090001900133100002500152245004200177250001800219260002700237300001500264440002800279650002400307850001500331990001600346990001600362YOGYA-0209000000370920090227020641.0 ind  a979-533-388-7 0010-020900000003709 a629.135 a629.135bWal T aWALUYO, Mokh. Slamet aTenaga penggerakcMoch. Slamet Waluyo aEd. 1, cet. 1 aYogyakartabAndic1996 avi, 97 hlm aSeri teknik penerbangan aAeronautika, teknik aYOPDYOG[B] a230-P/99b1 a228-P/99b1